000 00548nam a2200181Ia 4500
005 20250326124644.0
008 250326s9999 xx 000 0 und d
037 _aTextbook
040 _aFMSL
_beng
_cFMSL
041 _aeng
_2eng
084 _aX:8ogD658(2:55) L7;5
_qFMSL
100 _aMurdick R G
245 0 _aInformation systems for modern management
_cMurdick R G; Ross J E
260 _aNew Delhi
_bNew Delhi, Prentice-Hall
_c1977
300 _a670p
942 _cTB
_hX:8ogD658(2:55) L7;5
999 _c1274593
_d1274593